000
00318nam a2200133Ia 4500
008
220104s9999 xx 000 0 und d
100
_a
Veeraputhran S
245
0
_a
Rubber seed industry: an overview (Mal.)
650
_a
India
650
_a
Industry
650
_a
Rubber seed
700
_a
Joseph Toms
942
_c
BE
999
_c
47514
_d
47514